000 00626nam a22001815i 4500
001 172132
003 ES-MaACL
005 20251212171855.0
008 090616s1952 sp |||| | spa d
080 _a248.2 Juan de la Cruz, San
100 1 _aSobrino, José A. de.
_9140559
245 1 3 _aLa soledad mística y existencialista de San Juan de la Cruz /
_cpor José Antonio de Sobrino.
260 _aMadrid :
_b[s.n.],
_c1952 (
_fImp. Sucs. Rivadeneyra)
300 _a63 p. ;
_c20 cm.
600 0 4 _aJuan de la Cruz,
_cSanto,
_d1542-1591
_967110
852 _aES-MaACL
_j1935-F-3
_9R.32328
999 _c172132
_d172132